[Event "SV Würselen 1 - SG Bochum 2"]
[Site "NRW-Klasse, Gruppe 1 2010/201"]
[Date "2011.02.20"]
[Round "7.6"]
[White "Andok, Claus Michael"]
[Black "Tkachuk, Sergij"]
[Result "1/2-1/2"]
[WhiteElo "2082"]
[BlackElo "2201"]
[Annotator "Hausrath,Daniel"]
[PlyCount "82"]
[EventDate "2011.??.??"]

1. d4 Nf6 2. Nf3 g6 3. e3 Bg7 4. Bd3 O-O 5. O-O d6 6. Nbd2 Nbd7 7. c3 e5 8.
dxe5 dxe5 9. e4 Nc5 10. Bc2 Re8 11. Qe2 Nh5 12. Nc4 Qe7 13. b3 Nf4 14. Bxf4
exf4 15. e5 Bg4 16. Rfe1 Rad8 17. h3 Bc8 18. Rad1 Rxd1 19. Qxd1 Ne6 20. Qd5 Rd8
21. Qe4 Qc5 22. b4 Qd5 23. Qxd5 Rxd5 24. Be4 Rd8 25. Na5 $11 c6 26. b5 cxb5 27.
Nxb7 Bxb7 28. Bxb7 Rd3 29. Bc6 a6 30. Rc1 Nc5 31. Kh2 Kf8 32. a3 Ke7 33. c4
Rxa3 34. cxb5 Nd3 35. Rb1 axb5 36. Rxb5 Ra7 37. Rb8 Nxe5 38. Nxe5 Bxe5 39. Rb7+
Rxb7 40. Bxb7 Bd4 41. Kg1 f5 1/2-1/2

[Event "SV Würselen 1 - SG Bochum 2"]
[Site "NRW-Klasse, Gruppe 1 2010/201"]
[Date "2011.02.20"]
[Round "7.7"]
[White "Nikolaiczuk, Lothar"]
[Black "Heinichen, Nils"]
[Result "1/2-1/2"]
[WhiteElo "2216"]
[BlackElo "2034"]
[PlyCount "84"]
[EventDate "2011.??.??"]

1. Nf3 Nf6 2. c4 g6 3. Nc3 Bg7 4. d4 O-O 5. e3 d6 6. Be2 Nbd7 7. O-O c6 8. b3
Re8 9. Bb2 e5 10. Qc2 Qc7 11. Rfd1 Nf8 12. dxe5 dxe5 13. Ba3 Qa5 14. Bd6 e4 15.
b4 Qh5 16. Nd4 Bg4 17. Bxg4 Qxg4 18. h3 Qh4 19. Rab1 Rac8 20. Nde2 Nh5 21. Bc5
b6 22. Bd4 f5 23. Bxg7 Nxg7 24. Rd6 Nge6 25. Qa4 f4 26. exf4 Nxf4 27. Rxc6 Rxc6
28. Qxc6 Re6 29. Qa8 Nd3 30. Rf1 Nxb4 31. g3 Qe7 32. Nf4 Re5 33. Ncd5 Nxd5 34.
Nxd5 Qf7 35. Re1 b5 36. Qc6 bxc4 37. Nf6+ Kg7 38. Nxe4 Qd5 39. Qf6+ Kg8 40. Qf4
Kg7 41. Qf6+ Kg8 42. Qf4 Kg7 1/2-1/2

[Event "SV Würselen 1 - SG Bochum 2"]
[Site "NRW-Klasse, Gruppe 1 2010/201"]
[Date "2011.02.20"]
[Round "7.8"]
[White "Vossen, Peter"]
[Black "Pilat, Fabian"]
[Result "0-1"]
[WhiteElo "1978"]
[BlackElo "1838"]
[PlyCount "56"]
[EventDate "2011.??.??"]

1. d4 d5 2. c4 e6 3. g3 Nf6 4. Bg2 Be7 5. Nf3 O-O 6. O-O dxc4 7. Na3 c5 8. Nxc4
Nd5 9. dxc5 Bxc5 10. Bd2 Nc6 11. Rc1 Be7 12. Qb3 Qd7 13. Rfd1 Rd8 14. e4 Nf6
15. Nfe5 Nxe5 16. Nxe5 Qe8 17. f4 Bd6 18. Ba5 b6 19. Nc6 Bc5+ 20. Kh1 Rxd1+ 21.
Rxd1 Qxc6 22. Rd8+ Bf8 23. e5 Nd5 24. Bxd5 exd5 25. Qa3 d4+ 26. Kg1 Qc1+ 27.
Kf2 Qe3+ 28. Qxe3 dxe3+ 0-1

[Event "Brackweder SK 1 - SK Turm Emsdetten 2"]
[Site "NRW-Klasse, Gruppe 1 2010/201"]
[Date "2011.02.20"]
[Round "7.1"]
[White "Kabatianski, Alexander"]
[Black "Malcher, Werner"]
[Result "0-1"]
[WhiteElo "2397"]
[BlackElo "2303"]
[PlyCount "80"]
[EventDate "2011.??.??"]

1. Nf3 Nf6 2. c4 c5 3. g3 e6 4. Bg2 Nc6 5. d4 d5 6. cxd5 Nxd5 7. O-O cxd4 8.
Nxd4 Be7 9. Nxc6 bxc6 10. a3 O-O 11. Qc2 Ba6 12. Rd1 Qc7 13. e4 Nb6 14. Nc3
Rad8 15. Bf1 Rxd1 16. Nxd1 Bxf1 17. Kxf1 Rc8 18. Be3 Qb7 19. Rc1 c5 20. f3 h5
21. Kg2 c4 22. Qe2 Qd7 23. Qf2 Bf6 24. Nc3 Na4 25. Rd1 Qc6 26. Bd4 Nxc3 27.
Bxc3 Bxc3 28. bxc3 Qa4 29. Qd4 Qxa3 30. Kh3 a5 31. Rb1 Qc5 32. Rb8 Qc7 33. Rb5
g6 34. Qd1 Rb8 35. Qb1 Rxb5 36. Qxb5 Kg7 37. Kg2 Qa7 38. Qxc4 a4 39. Qa2 a3 40.
f4 Qa5 0-1

[Event "Brackweder SK 1 - SK Turm Emsdetten 2"]
[Site "NRW-Klasse, Gruppe 1 2010/201"]
[Date "2011.02.20"]
[Round "7.2"]
[White "Olyschlaeger, Richard"]
[Black "Richter, Christian"]
[Result "0-1"]
[WhiteElo "1921"]
[BlackElo "2329"]
[PlyCount "42"]
[EventDate "2011.??.??"]

1. e4 e5 2. Nf3 Nc6 3. d4 exd4 4. Nxd4 Nf6 5. Nxc6 bxc6 6. e5 Qe7 7. Qe2 Nd5 8.
c4 Ba6 9. Nd2 Nb4 10. Nf3 c5 11. g3 Qe6 12. a3 Nc6 13. b3 g6 14. h4 Bg7 15. Bh3
f5 16. Bb2 Rb8 17. Qe3 Bxc4 18. Qxc5 Rxb3 19. Nd4 Nxd4 20. Bxd4 Rb5 21. Qxc7
Rxe5+ 0-1

[Event "Brackweder SK 1 - SK Turm Emsdetten 2"]
[Site "NRW-Klasse, Gruppe 1 2010/201"]
[Date "2011.02.20"]
[Round "7.3"]
[White "Kuipers, Stefan"]
[Black "Ehrlich, Tim"]
[Result "1-0"]
[WhiteElo "2367"]
[BlackElo "1976"]
[PlyCount "105"]
[EventDate "2011.??.??"]

1. e4 c5 2. Nf3 d6 3. d4 cxd4 4. Nxd4 Nf6 5. Nc3 g6 6. Be3 Bg7 7. f3 O-O 8. Qd2
Nc6 9. Bc4 Bd7 10. O-O-O Rc8 11. Bb3 Ne5 12. Kb1 Nc4 13. Bxc4 Rxc4 14. g4 Qc7
15. g5 Nh5 16. Nd5 Qd8 17. Ne2 Be6 18. Ng3 Bxd5 19. exd5 Qd7 20. Nxh5 gxh5 21.
Qd3 Rfc8 22. Rhe1 Qb5 23. Bc1 Qc5 24. c3 Qb6 25. Be3 Qa5 26. Bd2 Qb6 27. Ka1
R8c7 28. f4 Qa5 29. Rxe7 Rxe7 30. Qxc4 Re8 31. Re1 Rxe1+ 32. Bxe1 Qb6 33. Qe2
Qg1 34. h4 Kf8 35. a3 f6 36. Qe6 fxg5 37. Qxd6+ Kg8 38. Qe6+ Kf8 39. fxg5 Qg4
40. Qxg4 hxg4 41. Bg3 h6 42. gxh6 Bxh6 43. Kb1 Kf7 44. Kc2 Kf6 45. b4 Kf5 46.
Kd3 b5 47. c4 bxc4+ 48. Kxc4 Bf4 49. Bxf4 Kxf4 50. d6 g3 51. d7 g2 52. d8=Q
g1=Q 53. Qd4+ 1-0

[Event "Brackweder SK 1 - SK Turm Emsdetten 2"]
[Site "NRW-Klasse, Gruppe 1 2010/201"]
[Date "2011.02.20"]
[Round "7.4"]
[White "Ruecker, Bastian"]
[Black "Smit, Erik"]
[Result "0-1"]
[WhiteElo "1747"]
[BlackElo "2226"]
[PlyCount "74"]
[EventDate "2011.??.??"]

1. d4 d5 2. c4 e6 3. cxd5 exd5 4. Nc3 Nf6 5. Bg5 Nbd7 6. e3 Be7 7. Bd3 O-O 8.
Nge2 Re8 9. O-O Nf8 10. a3 c6 11. b4 a6 12. Qb3 Ne6 13. Bh4 g6 14. Rfd1 Ng7 15.
f3 Bf5 16. Bf2 Bf8 17. Ng3 Bxd3 18. Rxd3 h5 19. Re1 h4 20. Nge2 h3 21. g3 Qd7
22. g4 Nxg4 23. fxg4 Qxg4+ 24. Bg3 Nf5 25. Kf2 Nh4 26. Rg1 Qf3+ 27. Ke1 Ng2+
28. Kd1 Rxe3 29. Rxe3 Nxe3+ 30. Kc1 Bh6 31. Kb1 Nc4 32. Ka2 Re8 33. Qd1 Rxe2+
34. Qxe2 Qxc3 35. Be1 Qxa3+ 36. Kb1 Qb3+ 37. Ka1 Ne3 0-1

[Event "Brackweder SK 1 - SK Turm Emsdetten 2"]
[Site "NRW-Klasse, Gruppe 1 2010/201"]
[Date "2011.02.20"]
[Round "7.5"]
[White "Hachijan, Armen"]
[Black "Spisla, Dominik"]
[Result "1-0"]
[WhiteElo "2110"]
[BlackElo "1863"]
[PlyCount "51"]
[EventDate "2011.??.??"]

1. e4 c5 2. Nf3 d6 3. d4 cxd4 4. Nxd4 Nf6 5. Nc3 a6 6. h3 e5 7. Nde2 Be7 8. g4
h6 9. Bg2 Be6 10. O-O Nbd7 11. Be3 b5 12. Ng3 Bc4 13. Re1 b4 14. Nd5 Nxd5 15.
exd5 Bf6 16. b3 Bb5 17. a4 bxa3 18. c4 Qa5 19. Bd2 Qb6 20. cxb5 axb5 21. Bb4
Bh4 22. Ne4 Nc5 23. Nxc5 dxc5 24. Rxe5+ Kf8 25. Bxa3 b4 26. Bb2 1-0

[Event "Brackweder SK 1 - SK Turm Emsdetten 2"]
[Site "NRW-Klasse, Gruppe 1 2010/201"]
[Date "2011.02.20"]
[Round "7.6"]
[White "Willenberg, Max"]
[Black "Schudro, Vasili"]
[Result "1/2-1/2"]
[WhiteElo "1952"]
[BlackElo "2138"]
[PlyCount "99"]
[EventDate "2011.??.??"]

1. Nf3 c5 2. g3 g6 3. Bg2 Bg7 4. d3 Nf6 5. c4 O-O 6. Nc3 d6 7. a3 Nc6 8. Rb1
Nd7 9. Bd2 a5 10. Qc1 Re8 11. Bh6 Bh8 12. h4 Nde5 13. h5 Bf5 14. Ng5 gxh5 15.
Be4 Bg6 16. Rxh5 e6 17. Rh1 f5 18. Bf3 Nxf3+ 19. Nxf3 Ne5 20. Nh4 Bf6 21. Nxg6
Nxg6 22. Rh5 Re7 23. Bg5 Rf7 24. Qe3 Bxg5 25. Qxg5 Qxg5 26. Rxg5 Rd8 27. Kd2 d5
28. cxd5 exd5 29. Na4 c4 30. d4 f4 31. Nc3 fxg3 32. fxg3 Rfd7 33. Rf1 Kg7 34.
Rff5 h6 35. Rh5 Ne7 36. Re5 Nc6 37. Rxd5 Nxd4 38. Ke3 Nb3 39. Rxd7+ Rxd7 40.
Rh4 Rc7 41. Ke4 Rc5 42. Rg4+ Kf7 43. Nd5 b5 44. Ke5 b4 45. Rf4+ Kg7 46. Ke6 c3
47. bxc3 bxc3 48. Rf7+ Kh8 49. Ne7 c2 50. Rf8+ 1/2-1/2

[Event "Brackweder SK 1 - SK Turm Emsdetten 2"]
[Site "NRW-Klasse, Gruppe 1 2010/201"]
[Date "2011.02.20"]
[Round "7.7"]
[White "Topp, Michael"]
[Black "Husemann, Dirk"]
[Result "1/2-1/2"]
[WhiteElo "1994"]
[BlackElo "1979"]
[PlyCount "99"]
[EventDate "2011.??.??"]

1. d4 d5 2. c4 e6 3. Nf3 c6 4. e3 Nf6 5. b3 Be7 6. Bd3 O-O 7. O-O Nbd7 8. Bb2
b6 9. Nc3 Bb7 10. Ne5 Rc8 11. f4 c5 12. Qc2 dxc4 13. bxc4 Re8 14. d5 exd5 15.
Nxd5 Nxd5 16. cxd5 Nxe5 17. fxe5 Qxd5 18. Bc4 Qe4 19. Bxf7+ Kh8 20. Qxe4 Bxe4
21. Bxe8 Rxe8 22. Rad1 Bg5 23. Rf7 h5 24. e6 Bxe3+ 25. Kh1 Bh6 26. e7 Kg8 27.
Rdf1 g6 28. Bc1 Bg7 29. Bg5 Bf5 30. R7xf5 gxf5 31. Rxf5 Kh7 32. Rd5 Kg6 33. h4
Bb2 34. Kg1 Kf7 35. Kf2 c4 36. Rf5+ Ke6 37. Rf8 Kd7 38. Rf4 b5 39. Rf5 a6 40.
Ke2 Ba3 41. Kd1 Bxe7 42. Bxe7 Rxe7 43. Rxh5 Rg7 44. Rh6 Rxg2 45. Rxa6 Kc7 46.
h5 Rh2 47. h6 Kb7 48. Rg6 Rxa2 49. Rg5 Rh2 50. Rxb5+ 1/2-1/2

[Event "Brackweder SK 1 - SK Turm Emsdetten 2"]
[Site "NRW-Klasse, Gruppe 1 2010/201"]
[Date "2011.02.20"]
[Round "7.8"]
[White "Stephan, Gunther"]
[Black "Beekhuis, Maarten"]
[Result "0-1"]
[WhiteElo "1946"]
[BlackElo "2010"]
[PlyCount "60"]
[EventDate "2011.??.??"]

1. d4 Nf6 2. Nf3 g6 3. Bg5 Bg7 4. Nbd2 d6 5. e4 O-O 6. Bxf6 Bxf6 7. e5 dxe5 8.
dxe5 Bg7 9. Bc4 Nc6 10. Qe2 Nd4 11. Qe4 Bxe5 12. Qxe5 Nxc2+ 13. Ke2 Nxa1 14.
Rxa1 Qd6 15. Ne4 Qxe5 16. Nxe5 Kg7 17. f4 f6 18. Nf3 e6 19. Ke3 Re8 20. Rc1 Re7
21. g4 f5 22. Nf2 e5 23. fxe5 fxg4 24. Nd4 c5 25. Nb3 Rxe5+ 26. Kf4 Rf5+ 27.
Kg3 b6 28. Re1 Rf3+ 29. Kg2 Bb7 30. Re7+ Rf7+ 0-1

[Event "SV Letmathe 1 - SG Solingen 3"]
[Site "NRW-Klasse, Gruppe 1 2010/201"]
[Date "2011.03.13"]
[Round "8.1"]
[White "Gupta, Milon"]
[Black "Podzielny, Karl-Heinz"]
[Result "0-1"]
[WhiteElo "2251"]
[BlackElo "2405"]
[PlyCount "72"]
[EventDate "2011.??.??"]

1. d4 Nf6 2. c4 g6 3. Nf3 Bg7 4. g3 O-O 5. Bg2 d6 6. O-O c6 7. Nc3 Qa5 8. e4
Bg4 9. h3 Bxf3 10. Bxf3 Nfd7 11. Rb1 c5 12. d5 Nb6 13. Be2 Bxc3 14. bxc3 Qxc3
15. Bb2 Qa5 16. Qc1 N8d7 17. f4 Rae8 18. Rf3 Nc8 19. Re3 e6 20. dxe6 fxe6 21.
Bc3 Qc7 22. Ba1 e5 23. Qd2 Ne7 24. Bg4 Nf6 25. Be6+ Kh8 26. Rd1 Rd8 27. Rd3 Nc6
28. Bd5 Nd4 29. Kg2 Qe7 30. Re1 b6 31. Rde3 Nh5 32. fxe5 dxe5 33. Rc3 Rf6 34.
Bb2 Rdf8 35. Ree3 Rf1 36. Rc1 Qf6 0-1

[Event "SV Letmathe 1 - SG Solingen 3"]
[Site "NRW-Klasse, Gruppe 1 2010/201"]
[Date "2011.03.13"]
[Round "8.2"]
[White "Oswald, Hans-Joachim"]
[Black "Scheffner, Axel"]
[Result "1-0"]
[WhiteElo "2262"]
[BlackElo "2251"]
[Annotator "Hausrath,Daniel"]
[PlyCount "116"]
[EventDate "2011.??.??"]

1. Nf3 d5 2. d4 Nf6 3. Bg5 Ne4 4. Bf4 c5 5. c3 Qb6 6. Qb3 c4 7. Qxb6 axb6 8.
Nbd2 Bf5 9. Nxe4 Bxe4 10. Nd2 Bg6 11. e4 e6 12. Be2 f6 13. O-O Nc6 14. Rfe1
O-O-O 15. exd5 exd5 16. Bg4+ f5 17. Bh3 Bd6 18. Bxd6 Rxd6 19. Nf3 Kc7 20. Ne5
Re8 21. Nxc6 Rxe1+ 22. Rxe1 Kxc6 23. f4 Rf6 24. Re5 Kd6 25. Kf2 h6 26. g3 Bh7
$11 27. Re8 Kd7 28. Rh8 Bg6 29. Rg8 Bf7 30. Rf8 Be6 31. Rxf6 gxf6 32. Bg2 Kd6
33. Bf3 Bf7 34. Bd1 Be8 35. Kg2 Ke6 36. Kh3 Ke7 37. Kh4 Kf8 38. Bc2 Bd7 39. Bd1
Kg7 40. Bf3 Be6 41. Bh5 Bd7 42. h3 Be6 43. Be8 Kf8 44. Bb5 Kf7 45. b3 Kf8 46.
bxc4 dxc4 47. Kh5 Kg7 48. g4 fxg4 49. hxg4 Bf7+ 50. Kh4 Bd5 51. Bd7 Be4 52. Be6
b5 53. a3 Kf8 54. Kh5 Kg7 55. d5 Bg6+ 56. Kh4 Kf8 57. d6 h5 58. f5 Bh7 1-0

[Event "SV Letmathe 1 - SG Solingen 3"]
[Site "NRW-Klasse, Gruppe 1 2010/201"]
[Date "2011.03.13"]
[Round "8.3"]
[White "Hobusch, Alexander"]
[Black "Pfleger, Sascha"]
[Result "0-1"]
[WhiteElo "2183"]
[BlackElo "2020"]
[PlyCount "70"]
[EventDate "2011.??.??"]

1. d4 e6 2. Nf3 b6 3. e3 c5 4. Bd3 Ba6 5. c4 Nf6 6. O-O Be7 7. Nc3 O-O 8. d5
exd5 9. cxd5 Bxd3 10. Qxd3 d6 11. e4 Nbd7 12. h3 Ne5 13. Nxe5 dxe5 14. f4 Bd6
15. f5 Qc8 16. Qg3 Kh8 17. Bg5 c4 18. Qh4 Ne8 19. f6 Rg8 20. fxg7+ Rxg7 21. Bh6
Rg6 22. Rxf7 Bc5+ 23. Kh1 Nd6 24. Rf3 Qd8 25. Qh5 Qe7 26. Raf1 b5 27. Bf8 Rxf8
28. Rxf8+ Kg7 29. Qf3 Kh6 30. Ne2 Qh4 31. Rb8 Nxe4 32. Qf7 Ng5 33. Qf5 Ne4 34.
Rxb5 Rf6 35. g3 Rxf5 0-1

[Event "SV Letmathe 1 - SG Solingen 3"]
[Site "NRW-Klasse, Gruppe 1 2010/201"]
[Date "2011.03.13"]
[Round "8.4"]
[White "Gruermann, Martin"]
[Black "Blasek, Ralph"]
[Result "0-1"]
[WhiteElo "2124"]
[BlackElo "2143"]
[PlyCount "112"]
[EventDate "2011.??.??"]

1. c4 Nf6 2. g3 e5 3. Bg2 Bc5 4. Nc3 O-O 5. e3 c6 6. Nge2 d6 7. d4 Bb6 8. O-O
Bf5 9. e4 Bg4 10. Be3 Qc8 11. Qd2 Re8 12. f3 Bh3 13. d5 Bxg2 14. Kxg2 Nbd7 15.
Bxb6 Nxb6 16. b3 Qc7 17. Rac1 Rad8 18. g4 Nc8 19. Ng3 Ne7 20. Kh1 Qa5 21. Rc2
Qa6 22. Rd1 Kf8 23. Nce2 Qb6 24. Kg2 Ng6 25. Nf5 cxd5 26. cxd5 Rc8 27. Rdc1
Rxc2 28. Rxc2 Ne7 29. Nxe7 Rxe7 30. Ng3 Rc7 31. Qc1 Ne8 32. Nf5 Rxc2+ 33. Qxc2
g6 34. Ng3 Nc7 35. Ne2 Na6 36. Qc3 Qb5 37. Kf2 Nc5 38. Qc4 Nd3+ 39. Ke3 Qxc4
40. bxc4 Nb2 41. c5 dxc5 42. g5 Ke7 43. f4 Kd6 44. Nc3 a6 45. a4 b6 46. h4
exf4+ 47. Kxf4 Nc4 48. Nd1 b5 49. axb5 axb5 50. Nc3 b4 51. Nb5+ Kd7 52. e5 Na3
53. Nd6 b3 54. Nxf7 b2 55. e6+ Ke7 56. Ke5 Nc4+ 0-1

[Event "SV Letmathe 1 - SG Solingen 3"]
[Site "NRW-Klasse, Gruppe 1 2010/201"]
[Date "2011.03.13"]
[Round "8.5"]
[White "Schockenbaeumer, Dirk"]
[Black "Haude, Ruediger"]
[Result "0-1"]
[WhiteElo "2109"]
[BlackElo "2080"]
[PlyCount "70"]
[EventDate "2011.??.??"]

1. e4 c5 2. Nf3 e6 3. d4 cxd4 4. Nxd4 a6 5. Nc3 Qc7 6. Be2 Nf6 7. O-O Nc6 8.
Kh1 b5 9. Bf3 Bb7 10. Nxc6 dxc6 11. Bg5 Be7 12. Qe2 h6 13. Bd2 Nd7 14. g3 g5
15. Bg2 O-O-O 16. a4 Ne5 17. Nd1 Rd7 18. Ne3 Bc5 19. axb5 cxb5 20. Ba5 Bb6 21.
Bxb6 Qxb6 22. Rfd1 Rhd8 23. Rxd7 Rxd7 24. Rd1 Qd8 25. Rxd7 Qxd7 26. Ng4 Nxg4
27. Qxg4 Qd2 28. h4 Qxf2 29. hxg5 hxg5 30. Qxg5 Kd7 31. Qg7 Kc7 32. Qc3+ Kb6
33. b4 Bc6 34. Qd3 Kc7 35. Qc3 f6 0-1

[Event "SV Letmathe 1 - SG Solingen 3"]
[Site "NRW-Klasse, Gruppe 1 2010/201"]
[Date "2011.03.13"]
[Round "8.6"]
[White "Pieczka, Reiner"]
[Black "Peschel, Andreas"]
[Result "0-1"]
[WhiteElo "1934"]
[BlackElo "2094"]
[PlyCount "56"]
[EventDate "2011.??.??"]

1. d4 d5 2. e3 Nf6 3. Bd3 Bg4 4. f3 Bh5 5. Ne2 Nbd7 6. Nd2 e5 7. c3 c6 8. Qb3
Qc7 9. c4 exd4 10. exd4 Bd6 11. Nf1 dxc4 12. Bxc4 Nb6 13. Bd2 Nxc4 14. Qxc4 O-O
15. Nfg3 Bg6 16. Kf2 Rfe8 17. Rhe1 h5 18. Bb4 Bxb4 19. Qxb4 Nd5 20. Qd2 Ne3 21.
Nc3 Nc4 22. Qg5 Nxb2 23. Rxe8+ Rxe8 24. Nce4 Qe7 25. Qd2 Nc4 26. Qc3 Nd6 27.
Re1 Nxe4+ 28. Nxe4 Qh4+ 0-1

[Event "SV Letmathe 1 - SG Solingen 3"]
[Site "NRW-Klasse, Gruppe 1 2010/201"]
[Date "2011.03.13"]
[Round "8.7"]
[White "Fichtner, Ewald"]
[Black "Kalnik, Heinrich"]
[Result "1-0"]
[WhiteElo "1983"]
[BlackElo "1971"]
[Annotator "Hausrath,Daniel"]
[PlyCount "103"]
[EventDate "2011.??.??"]

1. d4 d5 2. Bf4 Nf6 3. e3 e6 4. Nd2 Bd6 5. Bg3 b6 6. Ngf3 Bxg3 7. hxg3 Bb7 8.
Ne5 Qe7 9. c3 Ne4 10. Nxe4 dxe4 11. Qg4 g6 12. Bb5+ c6 13. Ba4 b5 14. Bc2 f5
15. Qxg6+ hxg6 16. Rxh8+ Qf8 17. Rxf8+ Kxf8 18. Nxg6+ Kg7 19. Nf4 Bc8 20. Bb3
e5 21. dxe5 Nd7 22. e6 Nf6 23. Rd1 Bb7 24. Nh5+ Nxh5 25. Rd7+ Kf6 26. Rxb7 a5
27. a3 a4 28. Ba2 Rc8 29. Rf7+ Ke5 30. Rd7 Nf6 31. Rd1 c5 32. Ke2 c4 33. e7 Nd5
34. Bb1 Re8 35. Rh1 Rxe7 36. Rh5 Nf6 37. Rh8 Re8 $11 38. Rxe8+ Nxe8 39. f3 Nf6
40. Bc2 Kd5 41. Kf2 Ke5 42. Bd1 Ke6 43. g4 fxg4 44. fxg4 Nd5 45. Bc2 Ke5 46. g5
Ne7 47. Bd1 Kf5 48. Bh5 Nc8 49. g6 Kf6 50. Kg3 Kg5 51. g7 Ne7 52. Be8 1-0

[Event "SV Letmathe 1 - SG Solingen 3"]
[Site "NRW-Klasse, Gruppe 1 2010/201"]
[Date "2011.03.13"]
[Round "8.8"]
[White "Schulte-Braeucker, Horst"]
[Black "Tueckmantel, Rene"]
[Result "0-1"]
[WhiteElo "1855"]
[BlackElo "2091"]
[PlyCount "112"]
[EventDate "2011.??.??"]

1. d4 Nf6 2. c4 g6 3. Nc3 Bg7 4. e4 d6 5. Be2 O-O 6. Bg5 h6 7. Bf4 Nc6 8. d5 e5
9. Be3 Ne7 10. g4 Ne8 11. Qd2 Kh7 12. h4 f5 13. gxf5 gxf5 14. f3 f4 15. Bf2 Nf6
16. O-O-O Nh5 17. Bf1 Bf6 18. Nge2 Rg8 19. Qe1 a6 20. Kb1 Bd7 21. c5 Rg6 22.
cxd6 cxd6 23. Bh3 Bxh3 24. Rxh3 Qd7 25. Rh2 Rag8 26. Rc1 Rg2 27. Rxg2 Rxg2 28.
Nd1 Qb5 29. Rc3 Rg7 30. Rb3 Qd7 31. Rc3 Ng6 32. Qh1 Qe7 33. Qh3 Bxh4 34. Bb6
Qd7 35. Qh2 Qb5 36. Rb3 Qc4 37. Rc3 Qa4 38. b3 Qb5 39. Bc7 Ng3 40. Nc1 Nf1 41.
Qc2 Be1 42. Rd3 Bb4 43. a4 Qc5 44. Qxc5 Bxc5 45. Ba5 h5 46. b4 Ba7 47. b5 axb5
48. axb5 Bg1 49. Ne2 Bc5 50. b6 Nf8 51. Ndc3 Ne3 52. Na4 Nd7 53. Nc1 Rg1 54.
Bd2 h4 55. Nxc5 Nxc5 56. Bxe3 Rxc1+ 0-1

[Event "Godesberger SK 2 - SK Turm Emsdetten 2"]
[Site "NRW-Klasse, Gruppe 1 2010/201"]
[Date "2011.03.13"]
[Round "8.1"]
[White "Kabatianski, Alexander"]
[Black "Gerusel, Mathias"]
[Result "1/2-1/2"]
[WhiteElo "2397"]
[BlackElo "2170"]
[PlyCount "143"]
[EventDate "2011.??.??"]

1. d4 d5 2. c4 c6 3. Nc3 Nf6 4. e3 a6 5. Nf3 e6 6. b3 Bd6 7. Bd3 Nbd7 8. Bb2
O-O 9. Qc2 Re8 10. O-O h6 11. Rad1 Qe7 12. e4 dxe4 13. Nxe4 Nxe4 14. Bxe4 Nf6
15. Bd3 c5 16. Rfe1 cxd4 17. Bxd4 Bc5 18. Qb2 Bxd4 19. Qxd4 Bd7 20. Ne5 Rad8
21. Qb6 Bc8 22. Be2 Kf8 23. Bf3 Nd7 24. Nxd7+ Rxd7 25. Rxd7 Qxd7 26. Rd1 Qe7
27. b4 e5 28. Bd5 Rd8 29. Re1 Qd6 30. Qxd6+ Rxd6 31. Rxe5 Be6 32. Kf1 Bxd5 33.
cxd5 f6 34. Rh5 Kf7 35. Ke2 Kg6 36. g4 Rb6 37. a3 a5 38. bxa5 Ra6 39. Rh3 Rxa5
40. d6 Kf7 41. Rd3 Ke8 42. Rb3 Ra7 43. Re3+ Kd7 44. Re7+ Kxd6 45. Rxg7 Rxa3 46.
h4 Rh3 47. Rxb7 Rxh4 48. f3 f5 49. gxf5 Ke5 50. Rb5+ Kf6 51. Ke3 Ra4 52. Rb6+
Kxf5 53. Rxh6 Ra3+ 54. Kf2 Ra8 55. Rh4 Ra6 56. Rb4 Re6 57. Rg4 Rg6 58. Ra4 Re6
59. Rb4 Re7 60. Kg3 Rg7+ 61. Rg4 Rxg4+ 62. fxg4+ Kg5 63. Kf3 Kg6 64. Kf4 Kf6
65. g5+ Kg6 66. Kg4 Kg7 67. Kf5 Kf7 68. g6+ Kg7 69. Kg5 Kg8 70. Kf6 Kf8 71. g7+
Kg8 72. Kg6 1/2-1/2

[Event "Godesberger SK 2 - SK Turm Emsdetten 2"]
[Site "NRW-Klasse, Gruppe 1 2010/201"]
[Date "2011.03.13"]
[Round "8.2"]
[White "Rohde, Ulrich"]
[Black "Bosman, Michiel"]
[Result "0-1"]
[WhiteElo "2164"]
[BlackElo "2325"]
[PlyCount "62"]
[EventDate "2011.??.??"]

1. Nf3 d5 2. d4 Nf6 3. c4 c6 4. Nc3 a6 5. a4 e6 6. g3 a5 7. Bg2 Be7 8. O-O O-O
9. b3 Na6 10. Bb2 Nb4 11. Ne5 b6 12. Na2 Bb7 13. Nxb4 Bxb4 14. Rc1 Bd6 15. Nd3
Be7 16. e3 Qb8 17. Qc2 Qa7 18. f3 Rfd8 19. Rfd1 Rac8 20. Qf2 c5 21. cxd5 Bxd5
22. Qc2 Qa8 23. e4 cxd4 24. Qf2 Bxb3 25. Rxc8 Rxc8 26. Rd2 Bxa4 27. Qxd4 Bb5
28. Kh1 Rd8 29. Qe3 Bxd3 30. Rxd3 b5 31. Bf1 b4 0-1

[Event "Godesberger SK 2 - SK Turm Emsdetten 2"]
[Site "NRW-Klasse, Gruppe 1 2010/201"]
[Date "2011.03.13"]
[Round "8.3"]
[White "Rijnaarts, Sjef"]
[Black "Stenzel, Thomas"]
[Result "1/2-1/2"]
[WhiteElo "2259"]
[BlackElo "2133"]
[PlyCount "50"]
[EventDate "2011.??.??"]

1. e4 e6 2. d4 d5 3. Nc3 dxe4 4. Nxe4 Nd7 5. Nf3 Ngf6 6. Nxf6+ Nxf6 7. Be3 Be7
8. Qd2 a6 9. O-O-O b5 10. Kb1 Bb7 11. Bd3 Be4 12. Bxe4 Nxe4 13. Qd3 Qd5 14. Ne5
O-O 15. f3 Nd6 16. Bf4 Rfd8 17. Qc3 Rdc8 18. Rhe1 Bf8 19. Nd3 a5 20. Re5 b4 21.
Qc5 Qb7 22. d5 Nb5 23. Qc4 Nd6 24. Qc5 Nb5 25. Qc4 Nd6 1/2-1/2

[Event "Godesberger SK 2 - SK Turm Emsdetten 2"]
[Site "NRW-Klasse, Gruppe 1 2010/201"]
[Date "2011.03.13"]
[Round "8.4"]
[White "Horstmann, Olaf"]
[Black "Hachijan, Armen"]
[Result "0-1"]
[WhiteElo "2140"]
[BlackElo "2119"]
[PlyCount "94"]
[EventDate "2011.??.??"]

1. e4 c5 2. Nc3 d6 3. g3 Nc6 4. Bg2 g6 5. d3 Bg7 6. f4 e6 7. Nf3 Nge7 8. O-O
O-O 9. Be3 b6 10. Bf2 Bb7 11. d4 Qb8 12. Qd2 Rd8 13. Rfe1 cxd4 14. Nxd4 Na5 15.
b3 Qc8 16. Rad1 Nac6 17. Ndb5 a6 18. Nd4 Qc7 19. Nce2 Nxd4 20. Nxd4 e5 21. Nf3
exf4 22. Qxf4 Nc6 23. Re2 Ne5 24. c4 b5 25. cxb5 axb5 26. Red2 b4 27. Nd4 Ra5
28. Nc2 Rxa2 29. Nxb4 Rxd2 30. Qxd2 h5 31. Nd5 Bxd5 32. Qxd5 Ng4 33. Bd4 Qc2
34. Bxg7 Qf2+ 35. Kh1 Ne3 36. Qd2 Nxd1 37. Qxd1 Kxg7 38. Bf1 Qe3 39. Qd5 Re8
40. Bd3 Re6 41. Kg2 h4 42. b4 Rf6 43. Bc4 hxg3 44. hxg3 Rf2+ 45. Kh3 Qh6+ 46.
Kg4 f5+ 47. exf5 Qh5# 0-1

[Event "Godesberger SK 2 - SK Turm Emsdetten 2"]
[Site "NRW-Klasse, Gruppe 1 2010/201"]
[Date "2011.03.13"]
[Round "8.5"]
[White "Schudro, Vasili"]
[Black "Mueller-Boge, Michael"]
[Result "1-0"]
[WhiteElo "2138"]
[BlackElo "2040"]
[PlyCount "101"]
[EventDate "2011.??.??"]

1. e4 c5 2. Nf3 d6 3. d4 cxd4 4. Nxd4 Nf6 5. Nc3 g6 6. f4 Nc6 7. Nxc6 bxc6 8.
e5 Nd7 9. Qf3 Bg7 10. Bb5 Rb8 11. Bxc6 dxe5 12. Be3 exf4 13. Bxa7 Rxb2 14.
O-O-O Rb6 15. Bxd7+ Bxd7 16. Bxb6 Qxb6 17. Qa8+ Qd8 18. Qxd8+ Kxd8 19. Rd3 Be5
20. Rhd1 Bd6 21. Ne4 Bf5 22. Nxd6 exd6 23. Rxd6+ Ke7 24. Rb6 Ra8 25. Kb2 Be6
26. a3 g5 27. Rd4 Rc8 28. a4 Ra8 29. Ka3 Rc8 30. Kb2 Ra8 31. Rb5 h6 32. a5 Ra7
33. c4 Bd7 34. Rc5 f5 35. Kc3 Ke6 36. Rcd5 Ke7 37. Rd6 Be6 38. Kb4 g4 39. Rb6
f3 40. gxf3 gxf3 41. Rf4 Rc7 42. c5 Rd7 43. Rxf3 Rd4+ 44. Ka3 Re4 45. Rc3 f4
46. Rb4 Re2 47. Rb2 Re5 48. a6 Re1 49. Kb4 Bd5 50. c6 Kd6 51. c7 1-0

[Event "Godesberger SK 2 - SK Turm Emsdetten 2"]
[Site "NRW-Klasse, Gruppe 1 2010/201"]
[Date "2011.03.13"]
[Round "8.6"]
[White "Roski, Ferdinand"]
[Black "Topp, Michael"]
[Result "0-1"]
[WhiteElo "2166"]
[BlackElo "1994"]
[PlyCount "138"]
[EventDate "2011.??.??"]

1. Nf3 Nf6 2. g3 d5 3. Bg2 c6 4. d3 Bg4 5. Nbd2 Nbd7 6. h3 Bh5 7. g4 Bg6 8. Nh4
e6 9. Nxg6 hxg6 10. e4 Bc5 11. Qe2 Qc7 12. Nf3 dxe4 13. dxe4 e5 14. Bd2 Nf8 15.
O-O-O Ne6 16. c3 O-O-O 17. Ng5 Nxg5 18. Bxg5 Be7 19. Qc4 Nh7 20. Bxe7 Qxe7 21.
Rxd8+ Rxd8 22. h4 g5 23. h5 Qf6 24. Qe2 Nf8 25. Rd1 Ne6 26. Rxd8+ Kxd8 27. Bf1
Nc5 28. Kc2 Ke7 29. Qe3 b6 30. b4 Ne6 31. f3 Qf4 32. Qd3 Qh2+ 33. Kb3 Nc7 34.
Be2 Qg1 35. Kb2 Qe1 36. Bd1 Qf2+ 37. Bc2 b5 38. Ka3 Ne6 39. Qd1 Qe3 40. Kb2 Nf4
41. a4 a6 42. axb5 axb5 43. Kb3 f6 44. Qa1 Ne2 45. Bd1 Nd4+ 46. Kb2 Qd2+ 47.
Ka3 Nc2+ 48. Bxc2 Qxc2 49. Qe1 Qd3 50. Kb2 Qxf3 51. Qg1 Qe2+ 52. Ka3 Qxe4 53.
Qa7+ Kf8 54. h6 gxh6 55. Qb8+ Kg7 56. Qc7+ Kg6 57. Qd7 Qd5 58. Qe8+ Kg7 59.
Qe7+ Qf7 60. Qd6 Qe8 61. Qc7+ Kg8 62. Qd6 Kf7 63. Qc7+ Kg6 64. Kb2 Qe6 65. Qd8
e4 66. Kc1 h5 67. gxh5+ Kxh5 68. Qh8+ Kg6 69. Kd2 f5 0-1